[Event "Stuttgart-chA int"]
[Site "Ditzingen"]
[Date "2006.05.28"]
[Round "7"]
[White "Lessmann, Francis"]
[Black "Kiefer, Andreas"]
[Result "1/2-1/2"]
[WhiteElo "2163"]
[BlackElo "1901"]
[PlyCount "72"]
[EventDate "2006.05.25"]
[EventType "swiss"]
[EventRounds "7"]
[EventCountry "GER"]
[SourceTitle "EXT 2018"]
[Source "ChessBase"]
[SourceDate "2017.10.13"]
[SourceVersion "1"]
[SourceVersionDate "2017.10.13"]
[SourceQuality "1"]

1. d4 f5 2. Bg5 h6 3. Bh4 g5 4. Bg3 Nf6 5. e3 d6 6. h4 g4 7. Bd3 Bg7 8. Ne2 Nh5 9. c3 e5 10. Qb3 c6 11. Nd2 Qe7 12. dxe5 dxe5 13. 0-0-0 b5 14. f3 Be6 15. Qc2 gxf3 16. gxf3 0-0 17. Rdg1 Nd7 18. Kb1 Kh8 19. e4 f4 20. Bf2 Qf7 21. Nc1 a5 22. Ndb3 a4 23. Nc5 Nxc5 24. Bxc5 Rg8 25. Qf2 Ng3 26. Rh2 Bf8 27. Rd1 Nh5 28. Be2 Nf6 29. Bxf8 Qxf8 30. Qb6 Rc8 31. Nd3 Nd7 32. Qa7 Ra8 33. Qb7 Qc8 34. Qxc8 Raxc8 35. Nc1 Nc5 36. Kc2 Rcd8 1/2-1/2

[Event "Stuttgart-chA int"]
[Site "Ditzingen"]
[Date "2006.05.27"]
[Round "5"]
[White "Kiefer, Andreas"]
[Black "Wittmann, Ralf"]
[Result "1/2-1/2"]
[WhiteElo "1901"]
[BlackElo "2204"]
[PlyCount "60"]
[EventDate "2006.05.25"]
[EventType "swiss"]
[EventRounds "7"]
[EventCountry "GER"]
[SourceTitle "EXT 2018"]
[Source "ChessBase"]
[SourceDate "2017.10.13"]
[SourceVersion "1"]
[SourceVersionDate "2017.10.13"]
[SourceQuality "1"]

1. e4 e6 2. d4 d5 3. Nc3 Nf6 4. e5 Nfd7 5. f4 c5 6. Nf3 Nc6 7. Be3 Qb6 8. Na4 Qa5+ 9. c3 b6 10. a3 c4 11. b4 cxb3 12. Qxb3 Ba6 13. Kf2 Rc8 14. Nb2 Bxf1 15. Rhxf1 Qa6 16. f5 Be7 17. Bg5 0-0 18. Kg1 h6 19. Bxe7 Nxe7 20. Nh4 Qe2 21. Nd1 Qe4 22. fxe6 fxe6 23. Nf3 g5 24. Qb1 Qf4 25. Qd3 Nf5 26. Nd2 Qh4 27. Ne3 Ng7 28. Rxf8+ Rxf8 29. Rf1 Re8 30. Qg6 Qh5 1/2-1/2

[Event "Stuttgart-chA int"]
[Site "Ditzingen"]
[Date "2006.05.25"]
[Round "2"]
[White "Bissbort, Julian"]
[Black "Kiefer, Andreas"]
[Result "0-1"]
[WhiteElo "2042"]
[BlackElo "1901"]
[PlyCount "70"]
[EventDate "2006.05.25"]
[EventType "swiss"]
[EventRounds "7"]
[EventCountry "GER"]
[SourceTitle "EXT 2018"]
[Source "ChessBase"]
[SourceDate "2017.10.13"]
[SourceVersion "1"]
[SourceVersionDate "2017.10.13"]
[SourceQuality "1"]

1. e4 e6 2. d4 d5 3. exd5 exd5 4. Bd3 Nc6 5. Nf3 Bd6 6. 0-0 Bg4 7. c3 Qd7 8. Nbd2 Nge7 9. Re1 0-0-0 10. b4 Ng6 11. b5 Nce7 12. Qa4 Kb8 13. Ne5 Nxe5 14. dxe5 Bc5 15. Nb3 Bb6 16. Qb4 Rc8 17. a4 c5 18. Qf4 Be6 19. a5 Bd8 20. Bf1 d4 21. c4 Ng6 22. Qe4 h5 23. Be2 Bf5 24. Qd5 Qxd5 25. cxd5 Nxe5 26. Bf4 f6 27. Bd1 Bd3 28. Bxe5+ fxe5 29. Rxe5 Bf6 30. Rxh5 Rxh5 31. Bxh5 Bc4 32. Nd2 Bxd5 33. Bg4 Re8 34. Kf1 c4 35. Rc1 c3 0-1